| 000 | 00810nam a2200217Ia 4500 | ||
|---|---|---|---|
| 003 | Ost | ||
| 005 | 20260507075744.0 | ||
| 008 | 260507s9999||||xx |||||||||||||| ||und|| | ||
| 020 | _a5044809961 | ||
| 040 | _cfsecg | ||
| 041 | _aara | ||
| 082 | _a330 | ||
| 100 |
_aبن حبيب، عبد الرزاق _eمؤلف |
||
| 245 | 0 |
_aإقتصاد وتسيير المؤسسة / _c عبد الرزاق بن حبيب |
|
| 260 |
_aالجزائر: _bديوان المطبوعات الجامعية, _c2000 |
||
| 300 |
_a211 صفحة؛ _bإيضاحات ؛ _c23 سم |
||
| 520 | _aالمفهوم النظامي للمؤسسة- نظام المؤسسة- نظام التسيير الإستراتيجي للمؤسسة. | ||
| 653 | _aإقتصاد المؤسسة | ||
| 653 | _aتسيير المؤسسة | ||
| 942 | _cكتاب | ||
| 999 |
_c46182 _d46182 |
||